ATP alternative transients program
Bewaard in:
| Hoofdauteurs: | , |
|---|---|
| Formaat: | Boek |
| Taal: | Portugees |
| Gepubliceerd in: |
s.l
CLAUE
1994
|
| Onderwerpen: | |
| Tags: |
Voeg label toe
Geen labels, Wees de eerste die dit record labelt!
|
MARC
| LEADER | 00000nam a2200000 a 4500 | ||
|---|---|---|---|
| 001 | UCS9041 | ||
| 003 | CL-VaPUC | ||
| 008 | 971113e19940000bl |||||||||||||||||por|d | ||
| 082 | 0 | 4 | |a 621.312 |b AMO |2 21 |
| 100 | 0 | |a Amon Filho, Jorge |e author |9 394016 | |
| 700 | 0 | |a Polo Pereira, Marco |e author |9 394017 | |
| 245 | 1 | 0 | |a ATP alternative transients program |
| 300 | |a pág. irreg | ||
| 942 | |c BK | ||
| 945 | |d 19971113 00:00:00 |a jquezada | ||
| 260 | |a s.l |b CLAUE |c 1994 | ||
| 650 | 7 | |a GENERACION |2 CL-VaPUC |9 394018 | |
| 650 | 0 | |a Almacenamiento |9 341876 | |
| 650 | 0 | |a Transformadores |9 345471 | |
| 650 | 7 | |a ENTRADA DE DATOS |2 CL-VaPUC |9 394019 | |
| 650 | 7 | |a PARAMETROS |2 CL-VaPUC |9 358353 | |
| 583 | |a last modification |c 20171005 01:40:44 |k Rodrigo Vera | ||
| 999 | |c 263109 |d 263107 | ||
| 952 | |0 0 |1 0 |4 0 |6 621_312000000000000_AMO_1994 |7 0 |8 A |9 292203 |a BIBING |b BIBING |d 2019-11-19 |i 335637K |o 621.312 AMO 1994 |p 335637K |r 2025-01-20 |w 2019-11-19 |y BK |k EIE | ||